[Event "AUT-ch U16/18 Girls"]
[Site "Tschagguns"]
[Date "2006.04.11"]
[Round "4.10"]
[White "Kainz, Astrid"]
[Black "Hanser, Evelyn"]
[Result "1/2-1/2"]
[WhiteElo "1441"]
[BlackElo "1320"]
[PlyCount "45"]
[EventDate "2006.04.09"]
[EventType "swiss"]
[EventRounds "7"]
[EventCountry "AUT"]
[SourceTitle "EXT 2024"]
[Source "ChessBase"]
[SourceDate "2023.10.10"]
[SourceVersion "1"]
[SourceVersionDate "2023.10.10"]
[SourceQuality "1"]

1. e4 e5 2. Nf3 Nf6 3. Nc3 Nc6 4. Bc4 Bc5 5. d3 0-0 6. Bg5 d6 7. Nd5 Kh8 8. Nxf6 gxf6 9. Bh4 Qe7 10. Qd2 Rg8 11. Rg1 Be6 12. Bxe6 fxe6 13. 0-0-0 Rg6 14. g4 Rag8 15. h3 Qf7 16. Rg2 f5 17. Nh2 f4 18. c3 a6 19. g5 R6g7 20. Qe2 d5 21. Rdg1 Be7 22. Qg4 Qg6 23. Nf3 1/2-1/2